| 000 | 00685nam a22002177a 4500 | ||
|---|---|---|---|
| 999 |
_c17007 _d17007 |
||
| 003 | AR-CdUCM | ||
| 008 | 190507b ||||| |||| 00| 0 spa d | ||
| 040 |
_aMUNICIPALIDAD PROVINCIAL DEL CUSCO _cBIBLIOTECA MUNICIPAL DEL CUSCO |
||
| 082 |
_a342.2 / _bH84 / 1943 |
||
| 100 |
_aHerring, Hubert _936812 |
||
| 245 | _aNuestros buenos vecinos / | ||
| 260 |
_aBuenos Aires : _bAyacucho, _c1943. |
||
| 300 |
_a388 páginas ; _c20 cm. |
||
| 505 | _aContenido : Argentina -- Brasil -- Chile -- Uruguay ... | ||
| 650 |
_aBrasil _91261 |
||
| 650 |
_aChile _91150 |
||
| 650 |
_aUruguay _92511 |
||
| 700 |
_aMernes de Pietro, Beatriz _936813 |
||
| 942 |
_2ddc _cLIBROS |
||
| 945 |
_arah _d07/05/2019 |
||